Statistics for Supernatural Quiz

Click here to take the quiz!

General Stats

  • This quiz has been taken 4,146 times
    (4,136 since last reset)
  • The average score is 10 of 15

Answer Stats

Hint Answer % Correct
The Name of Sam and Dean's Dad?John Winchester
96%
The Name of Sam and Dean's Mom?Mary Winchester
90%
What is "Dean's" angel named?Castiel
89%
What burns demons?Holy Water
85%
The first seal shall be broken when a righteous man sheds blood in Hell, Who broke this seal?Dean
84%
Who is the last horsemen that DEAN meets?Death
84%
What is the male crossroads demon named?Crowley
83%
Who is Sam and Dean's Half brother?Adam
71%
Who is the first Horseman that Sam and Dean encounter?Wrath/War
69%
Who had to die for Lucifer to rise?Lilith
66%
What creatures were locked in purgatory?Leviathan
66%
Who helps Dean hunt in season 7?Garth
49%
What burns the creatures locked in purgatory?Borax
30%
Where does Lucifer rise? (Convent)St. Mary's convent
14%
Who is Bobby's demon counterpart?Ellsworth
5%

Score Distribution

Percentile by Number Answered

Percent of People with Each Score

Your Score History

You have not taken this quiz since the last reset